[Event "Medellin Easter op 11th"]
[Site "Medellin"]
[Date "2023.04.07"]
[Round "4"]
[White "Lopez, Juan D"]
[Black "Pena Marta, Dimas Jocias"]
[Result "1-0"]
[WhiteElo "1891"]
[BlackElo "1670"]
[PlyCount "49"]
[EventDate "2023.04.05"]
[EventType "swiss"]
[EventRounds "7"]
[EventCountry "COL"]
[SourceTitle "CBM 213 Extra"]
[Source "ChessBase"]
[SourceDate "2023.05.31"]
[SourceVersion "1"]
[SourceVersionDate "2023.05.31"]
[SourceQuality "1"]

1. Nf3 Nc6 2. c4 e5 3. d3 Nf6 4. Nc3 d5 5. cxd5 Nxd5 6. g3 Be7 7. Bg2 Be6 8. a3 Qd7 9. Ng5 Bxg5 10. Bxg5 f6 11. Bd2 0-0-0 12. Ne4 Qe7 13. Rc1 Nb6 14. Nc5 Bd5 15. e4 Bf7 16. Qg4+ Kb8 17. Qxg7 h5 18. Na6+ Kc8 19. Bh3+ Nd7 20. Bb4 Qe8 21. Qxf6 bxa6 22. Qxc6 Kb8 23. Qxc7+ Ka8 24. Qc6+ Kb8 25. Bd6# 1-0

[Event "Medellin Easter op 11th"]
[Site "Medellin"]
[Date "2023.04.06"]
[Round "3"]
[White "Pena Marta, Dimas Jocias"]
[Black "Colina, Lugger Jesus"]
[Result "1-0"]
[WhiteElo "1670"]
[BlackElo "1189"]
[PlyCount "83"]
[EventDate "2023.04.05"]
[EventType "swiss"]
[EventRounds "7"]
[EventCountry "COL"]
[SourceTitle "CBM 213 Extra"]
[Source "ChessBase"]
[SourceDate "2023.05.31"]
[SourceVersion "1"]
[SourceVersionDate "2023.05.31"]
[SourceQuality "1"]

1. e4 c5 2. d4 cxd4 3. c3 d5 4. Qxd4 Nf6 5. e5 Nc6 6. Bb5 Nd7 7. Qxd5 Ncxe5 8. Qxe5 a6 9. Bxd7+ Bxd7 10. Nf3 Bb5 11. Be3 Qd3 12. Nd4 Rd8 13. Qh5 g6 14. Qf3 Bg7 15. Nxb5 axb5 16. Qe2 Qxe2+ 17. Kxe2 b4 18. Bd4 Bxd4 19. cxd4 Rxd4 20. Nd2 0-0 21. Rhd1 e5 22. Nf3 Rc4 23. Rac1 Rg4 24. Kf1 Re8 25. Re1 e4 26. Rc4 f5 27. Rxb4 Rb8 28. Ne5 Rg5 29. h4 Rh5 30. Nd7 Ra8 31. Nf6+ Kh8 32. Nxh5 gxh5 33. a3 Rc8 34. Rxb7 Kg8 35. a4 Rf8 36. a5 f4 37. a6 e3 38. a7 f3 39. Rxe3 fxg2+ 40. Kxg2 h6 41. Ree7 Rd8 42. Rb8 1-0

[Event "COL-ch Superate B"]
[Site "Colombia"]
[Date "2015.10.15"]
[Round "3.7"]
[White "Giraldo Aristizabal, Marlon"]
[Black "Pena Marta, Dimas Jocias"]
[Result "1-0"]
[WhiteElo "1625"]
[BlackElo "1830"]
[PlyCount "45"]
[EventDate "2015.10.15"]
[EventType "swiss (rapid)"]
[EventRounds "6"]
[EventCountry "COL"]
[SourceTitle "EXT 2024"]
[Source "ChessBase"]
[SourceDate "2023.10.10"]
[SourceVersion "1"]
[SourceVersionDate "2023.10.10"]
[SourceQuality "1"]

1. e4 e5 2. Nf3 Nc6 3. d4 exd4 4. Nxd4 Bc5 5. Nb3 Bb6 6. Nc3 Nf6 7. Be2 0-0 8. 0-0 Re8 9. Bg5 h6 10. Bh4 d6 11. Kh1 Ne5 12. Nd5 g5 13. Bg3 Nxe4 14. Bd3 Nxd3 15. Qxd3 Bf5 16. Qf3 Bg6 17. Rfe1 c6 18. Rxe4 Bxe4 19. Nf6+ Kg7 20. Nxe4 Qe7 21. Qc3+ f6 22. Nxd6 Red8 23. Nf5+ 1-0

[Event "COL-ch Superate B"]
[Site "Colombia"]
[Date "2015.10.15"]
[Round "4.9"]
[White "Pena Marta, Dimas Jocias"]
[Black "Alvarado Martinez, Andrey Camilo"]
[Result "0-1"]
[WhiteElo "1830"]
[BlackElo "1717"]
[PlyCount "124"]
[EventDate "2015.10.15"]
[EventType "swiss (rapid)"]
[EventRounds "6"]
[EventCountry "COL"]
[SourceTitle "EXT 2024"]
[Source "ChessBase"]
[SourceDate "2023.10.10"]
[SourceVersion "1"]
[SourceVersionDate "2023.10.10"]
[SourceQuality "1"]

1. e4 c6 2. d4 d5 3. exd5 Qxd5 4. c4 Qa5+ 5. Nc3 Nf6 6. Bd2 Qc7 7. Nf3 Bg4 8. h3 Bh5 9. Be2 Nbd7 10. 0-0 e6 11. a3 Be7 12. b4 0-0 13. Ne5 Bxe2 14. Qxe2 Rad8 15. Rad1 b6 16. Nxd7 Rxd7 17. Be3 Rfd8 18. c5 b5 19. Rd2 a6 20. Rfd1 Nd5 21. Nxd5 Rxd5 22. Qf3 Bf6 23. g4 h6 24. Qg3 Qxg3+ 25. fxg3 e5 26. Kg2 exd4 27. Bf2 d3 28. Kf3 Bc3 29. Ra2 d2 30. Be3 Rd3 31. Kf2 Bd4 32. Bxd4 R8xd4 33. Ke2 Rxg3 34. Rdxd2 Rg2+ 35. Ke3 Rdxd2 36. Rxd2 Rxd2 37. Kxd2 Kf8 38. Ke3 Ke7 39. Kf4 Ke6 40. Ke4 g5 41. Kd4 f5 42. Ke3 fxg4 43. hxg4 Ke5 44. Kf3 Kd4 45. Kg3 Kc3 46. Kf3 Kb3 47. Ke4 Kxa3 48. Ke5 Kxb4 49. Kd6 a5 50. Kxc6 a4 51. Kb6 a3 52. c6 a2 53. c7 a1Q 54. c8Q Qd4+ 55. Ka6 Qd6+ 56. Kb7 Qd5+ 57. Ka6 Qa2+ 58. Kb7 Qd5+ 59. Ka6 Qc5 60. Qf5 Qxf5 61. gxf5 Kc5 62. f6 Kd6 0-1

[Event "COL-ch Superate B"]
[Site "Colombia"]
[Date "2015.10.14"]
[Round "12.11"]
[White "Diaz, Camilo Andres"]
[Black "Pena Marta, Dimas Jocias"]
[Result "0-1"]
[WhiteElo "1554"]
[BlackElo "1830"]
[PlyCount "60"]
[EventDate "2015.10.14"]
[EventType "swiss (blitz)"]
[EventRounds "12"]
[EventCountry "COL"]
[SourceTitle "EXT 2024"]
[Source "ChessBase"]
[SourceDate "2023.10.10"]
[SourceVersion "1"]
[SourceVersionDate "2023.10.10"]
[SourceQuality "1"]

1. e4 d6 2. Nf3 Nf6 3. Nc3 g6 4. d4 Bg7 5. Bc4 c6 6. a4 a6 7. Be3 Bg4 8. h3 Bxf3 9. Qxf3 Nbd7 10. e5 dxe5 11. dxe5 Nxe5 12. Qe2 b5 13. axb5 axb5 14. Rxa8 Qxa8 15. Ba2 0-0 16. 0-0 e6 17. f4 Ned7 18. g4 Nb6 19. Bxb6 b4 20. Bxe6 bxc3 21. Bb3 cxb2 22. Rb1 Nd5 23. Bc5 Re8 24. Qc4 Qa1 25. Ba2 Re1+ 26. Kg2 Rxb1 27. Bxb1 Qxb1 28. Qb3 h6 29. Qb8+ Kh7 30. Ba3 Qxc2+ 0-1

[Event "COL-ch Superate B"]
[Site "Colombia"]
[Date "2015.10.14"]
[Round "10.9"]
[White "Pena Marta, Dimas Jocias"]
[Black "Arias Umana, Fray Bernardo"]
[Result "0-1"]
[WhiteElo "1830"]
[BlackElo "1612"]
[PlyCount "78"]
[EventDate "2015.10.14"]
[EventType "swiss (blitz)"]
[EventRounds "12"]
[EventCountry "COL"]
[SourceTitle "EXT 2024"]
[Source "ChessBase"]
[SourceDate "2023.10.10"]
[SourceVersion "1"]
[SourceVersionDate "2023.10.10"]
[SourceQuality "1"]

1. e4 e6 2. d4 d5 3. exd5 exd5 4. c3 Bd6 5. Bd3 Ne7 6. Nf3 Bg4 7. Be3 Nbc6 8. Nbd2 Qd7 9. Qc2 0-0-0 10. a4 f6 11. b4 Nf5 12. b5 Nce7 13. h3 Nxe3 14. fxe3 Bg3+ 15. Kd1 Nf5 16. Nf1 Rhe8 17. hxg4 Nxe3+ 18. Nxe3 Rxe3 19. Bf5 Re6 20. Bxe6 Qxe6 21. Kc1 Qxg4 22. Kb2 Re8 23. Rxh7 Bd6 24. Rah1 b6 25. R7h4 Qg3 26. Rh8 Rxh8 27. Rxh8+ Kb7 28. Kb3 Qg4 29. Rh4 Qd7 30. Qg6 a6 31. Qd3 Bg3 32. Rh8 axb5 33. Qxb5 Qf5 34. a5 Qb1+ 35. Ka4 Qa2+ 36. Kb4 Bd6+ 37. Qc5 Qb2+ 38. Ka4 Bxc5 39. dxc5 b5# 0-1

[Event "COL-ch Superate B"]
[Site "Colombia"]
[Date "2015.10.14"]
[Round "3.1"]
[White "Pena Marta, Dimas Jocias"]
[Black "Blandon, Luis Guillermo"]
[Result "0-1"]
[WhiteElo "1830"]
[BlackElo "2145"]
[PlyCount "80"]
[EventDate "2015.10.14"]
[EventType "swiss (blitz)"]
[EventRounds "12"]
[EventCountry "COL"]
[SourceTitle "EXT 2024"]
[Source "ChessBase"]
[SourceDate "2023.10.10"]
[SourceVersion "1"]
[SourceVersionDate "2023.10.10"]
[SourceQuality "1"]

1. e4 c5 2. d4 cxd4 3. c3 Nf6 4. e5 Nd5 5. cxd4 Nc6 6. Nf3 d6 7. Bb5 Qa5+ 8. Nc3 Nxc3 9. bxc3 Qxb5 10. Bf4 dxe5 11. Bxe5 Bg4 12. Bg3 e6 13. Rb1 Qa6 14. Qb3 Bxf3 15. gxf3 0-0-0 16. a4 Bd6 17. Rb2 Na5 18. Qb5 Qxb5 19. Rxb5 b6 20. Rg1 g6 21. Bh4 Rd7 22. Bf6 Re8 23. Rg4 Rc7 24. Rh4 h5 25. Kf1 Rxc3 26. Kg2 Rc4 27. d5 Rxh4 28. Bxh4 exd5 29. Rxd5 Bc7 30. Rd2 a6 31. Rc2 Kb7 32. Bg3 Bxg3 33. fxg3 b5 34. axb5 axb5 35. Rc5 Kb6 36. Rd5 b4 37. Rd6+ Kc5 38. Rd7 b3 39. Rc7+ Kb4 40. Rxf7 b2 0-1

[Event "Bucaramanga Udi Cup"]
[Site "Bucaramanga"]
[Date "2014.10.19"]
[Round "8"]
[White "Pena Marta, Dimas Jocias"]
[Black "Camargo Zuniga, Nicolas"]
[Result "1-0"]
[WhiteElo "1666"]
[BlackElo "1863"]
[PlyCount "47"]
[EventDate "2014.10.15"]
[EventType "swiss"]
[EventRounds "9"]
[EventCountry "COL"]
[SourceTitle "EXT 2015"]
[Source "ChessBase"]
[SourceDate "2014.11.20"]
[SourceVersion "1"]
[SourceVersionDate "2014.11.20"]
[SourceQuality "1"]

1. d4 d5 2. c4 e6 3. Nc3 Nf6 4. Bg5 Be7 5. e3 Nc6 6. a3 h6 7. Bh4 b6 8. Nf3 Bb7 9. b4 Rc8 10. c5 Ne4 11. Nxe4 Bxh4 12. Nc3 Bf6 13. b5 Ne7 14. c6 Ba8 15. Bd3 Ng8 16. Qa4 Be7 17. Qxa7 Nf6 18. 0-0 0-0 19. Ne5 Bd6 20. Nf3 Re8 21. Qa4 g5 22. Qd1 g4 23. Ne5 h5 24. f3 1-0

[Event "Bucaramanga Udi Cup"]
[Site "Bucaramanga"]
[Date "2014.10.18"]
[Round "6"]
[White "Pena Marta, Dimas Jocias"]
[Black "Jaimes Florez, Lucy Janeth"]
[Result "1-0"]
[WhiteElo "1666"]
[BlackElo "1429"]
[PlyCount "80"]
[EventDate "2014.10.15"]
[EventType "swiss"]
[EventRounds "9"]
[EventCountry "COL"]
[SourceTitle "EXT 2015"]
[Source "ChessBase"]
[SourceDate "2014.11.20"]
[SourceVersion "1"]
[SourceVersionDate "2014.11.20"]
[SourceQuality "1"]

1. d4 d5 2. c4 e6 3. Nc3 Nf6 4. Bg5 Be7 5. e3 b6 6. Bd3 Bb7 7. Nf3 Nbd7 8. b3 Bb4 9. Rc1 Qe7 10. 0-0 c5 11. Nb5 0-0 12. Ne5 Rfd8 13. Qc2 g6 14. Ng4 cxd4 15. exd4 dxc4 16. bxc4 a6 17. Nc3 Bd6 18. Be4 Rab8 19. Bxb7 Rxb7 20. Ne4 h5 21. Ngxf6+ Nxf6 22. Nxf6+ Kh8 23. Ne4 Qc7 24. Bf6+ Kg8 25. Bxd8 Qxd8 26. Nxd6 Qxd6 27. c5 Qxd4 28. c6 Rc7 29. Rfd1 Qc5 30. Qxc5 bxc5 31. Rxc5 Kf8 32. Rd7 Rxd7 33. cxd7 Ke7 34. Rc7 Kd8 35. Ra7 a5 36. f3 h4 37. Kf2 f6 38. Ke3 g5 39. Kd4 Ke7 40. Kc5 f5 1-0

[Event "Bucaramanga Udi Cup"]
[Site "Bucaramanga"]
[Date "2014.10.16"]
[Round "2"]
[White "Pena Marta, Dimas Jocias"]
[Black "Becerra, Juan David"]
[Result "0-1"]
[WhiteElo "1666"]
[BlackElo "2155"]
[PlyCount "33"]
[EventDate "2014.10.15"]
[EventType "swiss"]
[EventRounds "9"]
[EventCountry "COL"]
[SourceTitle "EXT 2015"]
[Source "ChessBase"]
[SourceDate "2014.11.20"]
[SourceVersion "1"]
[SourceVersionDate "2014.11.20"]
[SourceQuality "1"]

1. e4 c5 2. Nf3 d6 3. d4 cxd4 4. Nxd4 Nf6 5. Nc3 a6 6. a3 e5 7. Nb3 Be6 8. Bg5 Be7 9. Bd3 0-0 10. 0-0 Nbd7 11. Qe2 b5 12. Rad1 Qc7 13. f4 h6 14. Bh4 exf4 15. Rxf4 g5 16. Rxf6 Bxf6 17. Bg3 0-1

[Event "Manizales zt U16 integr Centro"]
[Site "Manizales"]
[Date "2014.05.16"]
[Round "3.3"]
[White "Florez Castro, Estiven"]
[Black "Pena Marta, Dimas Jocias"]
[Result "1-0"]
[WhiteElo "1716"]
[BlackElo "1586"]
[PlyCount "81"]
[EventDate "2014.05.15"]
[EventType "swiss"]
[EventRounds "6"]
[EventCountry "COL"]
[SourceTitle "EXT 2024"]
[Source "ChessBase"]
[SourceDate "2023.10.10"]
[SourceVersion "1"]
[SourceVersionDate "2023.10.10"]
[SourceQuality "1"]

1. d4 Nf6 2. Bg5 e6 3. e4 Be7 4. Nc3 d5 5. e5 Nfd7 6. Bxe7 Qxe7 7. a3 c5 8. Nb5 Na6 9. Nd6+ Kf8 10. c3 c4 11. f4 g6 12. h4 Nf6 13. Nxc8 Rxc8 14. exf6 Qxf6 15. g3 Qf5 16. Qe2 Rc6 17. Bh3 Qf6 18. Qe5 Qxe5+ 19. fxe5 Ke7 20. Ne2 Rb6 21. Rb1 Nc7 22. Kd2 Rc8 23. Rhf1 Ne8 24. Nf4 Rd8 25. Kc2 Rb3 26. Ne2 a5 27. a4 Rb6 28. b3 cxb3+ 29. Rxb3 Rxb3 30. Kxb3 Nc7 31. Ra1 Rb8 32. Kc2 Na6 33. Nf4 Nc7 34. Bf1 Na8 35. Rb1 b6 36. Bb5 Nc7 37. Kd3 Nxb5 38. Rxb5 f5 39. exf6+ Kxf6 40. Rb1 Ke7 41. Re1 1-0

[Event "Bogota IRT Categoria B U17"]
[Site "Bogota"]
[Date "2013.10.22"]
[Round "1.6"]
[White "Pena Marta, Dimas Jocias"]
[Black "Diaz Herrera, Leider Andres"]
[Result "0-1"]
[WhiteElo "1591"]
[BlackElo "1921"]
[PlyCount "82"]
[EventDate "2013.10.22"]
[EventType "swiss"]
[EventRounds "5"]
[EventCountry "COL"]
[SourceTitle "EXT 2024"]
[Source "ChessBase"]
[SourceDate "2023.10.10"]
[SourceVersion "1"]
[SourceVersionDate "2023.10.10"]
[SourceQuality "1"]

1. e4 c5 2. d4 cxd4 3. c3 dxc3 4. Nxc3 Nc6 5. Bc4 e6 6. Nf3 d6 7. 0-0 a6 8. Qe2 Qc7 9. Bf4 Nf6 10. Rfd1 Nh5 11. Bg5 h6 12. Bh4 g5 13. Bg3 Nxg3 14. fxg3 g4 15. Nd2 Ne5 16. Bb3 h5 17. Rac1 Qb6+ 18. Kh1 Bh6 19. Na4 Qe3 20. Qxe3 Bxe3 21. Rc3 Bd4 22. Rc2 b5 23. Nf1 Ba7 24. Nc3 Ke7 25. Nd2 Nd3 26. Rf1 Nf2+ 27. Kg1 Nxe4+ 28. Kh1 Nxg3+ 29. hxg3 h4 30. Kh2 h3 31. Nde4 f5 32. Ng5 hxg2+ 33. Kxg2 Rh5 34. Nd5+ Kf8 35. Nc7 Bb7+ 36. Nd5 Rxg5 37. Rd1 Bc5 38. Kf1 Rh5 39. Rdd2 Rh1+ 40. Ke2 exd5 41. Bxd5 Re8+ 0-1